| 000 | 00538nab a2200157Ia 4500 | ||
|---|---|---|---|
| 003 | ES-SlBCS | ||
| 005 | 20210601124315.0 | ||
| 008 | 140529s1985 xxu||||| |||| 00| 0 eng d | ||
| 041 | _aeng | ||
| 100 | 1 |
_aSedlak, Michael W. _9139498 |
|
| 245 | 0 | 4 |
_aThe Public School and Social Services: Reassessing the Progressive Legacy _c Michael W. Sedlak, Steven Schlossman |
| 650 | 0 | 4 |
_aEscuela Pública _9139177 |
| 700 | 1 |
_aSchlossman, Steven _9139499 |
|
| 773 | 0 |
_tEducational Theory _gvol. 35, nº. 4, 1985, págs. 371-384 _wRev1399 |
|
| 942 | _cAR | ||
| 999 |
_c512671 _d512671 |
||